1096 1442 1600 1656 1127 1059 1230 1771 1962 1249 1036 1830 1630 1324 1271 1744 1011 1121 1520 1713 1418 1741 1580 1820 1514 1856 1096 1922 1999 1157 1562 1636 1087 1185 1536 1255 1669 1603 1506 1791 1492 1571 1331 1314 1739 1599 1373 1875 1993 1069 1957 1482 1320 1875 1507 1847 1311 1587 1912 1973 1373 1951 1806 1207 1885 1325 1601 1468 1892 1747 1008 1398 1012 1963 1887 1574 1506 1005 1350 1109 1490 1077 1241 1012 1890 1532 1353 1218 1915 1290 1115 1060 1388 1934 1279 1975 1476 1861 1598 BCNSPRNW ULIB Ver.6.0+V

เปลี่ยนเป็นภาษาไทย

Change to English
 แสดงรายละเอียดบรรณานุกรม
  กลับหน้าหลัก

Brief Record : Get Marc (ISO 2709) : E-mail record : QR code < ปิดหน้าต่าง
LEADER : 00000nam 2200000uu 4500
001    13399121289
003     ULIB
008    121114s2549||||th 000 0 tha d
020    ^a9749480600
050 04 ^aPE1130^bร165ฝ
100 0  ^aรวินันท์ ถิระคุณ
245 10 ^aฝึกพูดภาษาอังกฤษในสถานการณ์ต่างๆ =^bEnglish speaking in different situations /^cรวินันท์ ถิระคุณ
260    ^aนนทบุรี :^bเจ.บี.พับลิชชิ่ง,^c2549
300    ^a240 หน้า ;^c21 ซม
650  7 ^aภาษาอังกฤษ^xบทสนทนาและวลี
650  7 ^aภาษาอังกฤษ^xตำราสำหรับชนต่างชาติ
945    ^p190^l0^i24690
995    ^aวิภา
999 ^a ทศพร
รายการนี้ยังไม่มีแท็ก
คุณยังไม่ได้ล็อกอิน คุณสามารถมีกิจกรรมร่วมกับเว็บไซต์ได้ แต่ต้องล็อกอินก่อน ::
  ล็อกอิน

รายการสื่อสารสนเทศ

ลำดับที่ ประเภท เลขเรียก/บาร์โค้ด สถานที่ สถานะ
1. วิทยาศาสตร์การแพทย์ และสุขภาพ
วิทยาศาสตร์การแพทย์ และสุขภาพ
PE1130 ร165ฝ  
  Barcode: 24690
ห้องสมุดวิทยาเขตสวรรค์ประชารักษ์
►หนังสือทั่วไป
บนชั้น

รายการใกล้เคียง
    ผู้แต่ง [รวินันท์ ถิระคุณ]

BibComment


ยังไม่เคยถูกคอมเมนท์

คอมเมนท์ทรัพยากรรายการนี้
  คอมเมนท์: ฝึกพูดภาษาอังกฤษ..


 Copyright 2026. Bcnsprnw @Library